Southville International School and Colleges
Your cart is empty.
  • Cart
  • Lists
    Public lists list_1 View all
    Your lists Log in to create your own lists
  • Log in to your account
  • Your cookies
  • Search history
Southville International School and Colleges
  • Advanced search
  • Recent comments
  • Most popular
  • Libraries

Log in to your account

Log in with GOOGLE


If you do not have an external account, but do have a local account, you can still log in:

  1. Home
  2. MARC view: Ethics and economics :
Normal view MARC view ISBD view

Ethics and economics : (Record no. 26004)

[ view plain ]
MARC details
000 -LEADER
fixed length control field 00636nam a22002057a 4500
005 - DATE AND TIME OF LATEST TRANSACTION
control field 20140310183648.0
008 - FIXED-LENGTH DATA ELEMENTS--GENERAL INFORMATION
fixed length control field 140109b xxu||||| |||| 00| 0 eng d
020 ## - INTERNATIONAL STANDARD BOOK NUMBER
International Standard Book Number 9780415638821
050 ## - LIBRARY OF CONGRESS CALL NUMBER
Classification number HF 5387
Item number .Et84 2012
245 ## - TITLE STATEMENT
Title Ethics and economics :
Remainder of title new perspectives /
260 ## - PUBLICATION, DISTRIBUTION, ETC. (IMPRINT)
Place of publication, distribution, etc London ; New York :
Name of publisher, distributor, etc Routledge,
Date of publication, distribution, etc 2012.
300 ## - PHYSICAL DESCRIPTION
Extent viii, 250 p. ;
Dimensions 26 cm.
504 ## - BIBLIOGRAPHY, ETC. NOTE
Bibliography, etc Includes Bibliographic References and Index.
521 ## - TARGET AUDIENCE NOTE
Target audience note
650 ## - SUBJECT ADDED ENTRY--TOPICAL TERM
Topical term or geographic name as entry element Economics
General subdivision Moral and ethical aspects.
700 ## - ADDED ENTRY--PERSONAL NAME
Personal name White, Mark D.
Relator term editor.
700 ## - ADDED ENTRY--PERSONAL NAME
Personal name Staveren, Irene van
Relator term editor.
942 ## - ADDED ENTRY ELEMENTS (KOHA)
Source of classification or shelving scheme Library of Congress Classification
Koha item type Books
Call number prefix Foreign
Holdings
Withdrawn status Lost status Source of classification or shelving scheme Damaged status Home library Current library Shelving location Date acquired Total Checkouts Full call number Barcode Date last seen Copy number Price effective from Koha item type
Withdrawn   Library of Congress Classification   College Library College Library Reserve Section 01/09/2014   HF 5387 .Et84 2012 C17369 01/09/2014 1 01/09/2014 Books

Ethics and economics :

APA

White M. D., Staveren I. v., . (2012). Ethics and economics. London ; New York: Routledge.

Chicago

White Mark D, Staveren Irene van, . 2012. Ethics and economics. London ; New York: Routledge.

Harvard

White M. D., Staveren I. v., . (2012). Ethics and economics. London ; New York: Routledge.

MLA

White Mark D, Staveren Irene van, . Ethics and economics. London ; New York: Routledge. 2012.

  • Print
  • Cite
  • Add to your cart (remove)
  • Save record
    BIBTEX Dublin Core MARCXML MARC (non-Unicode/MARC-8) MARC (Unicode/UTF-8) MARC (Unicode/UTF-8, Standard) MODS (XML) RIS
  • More searches
    Search for this title in:
    Other Libraries (WorldCat) Other Databases (Google Scholar) Online Stores (Bookfinder.com) Open Library (openlibrary.org)

Exporting to Dublin Core...

SOUTHVILLE LIBRARY

Southville International School and Colleges Library

1281 Tropical Ave. Cor. Luxembourg St., BF Homes International, Las Pinas City

Tel. No. 8256374 / 252358 Loc. 117/146

Powered by Koha